000 00480nab a2200145Ia 4500
003 ES-SlBCS
005 20230421090928.0
008 140529s2005 xxu||||| |||| 00| 0 eng d
041 _aeng
100 1 _aHowland, Jacob
_9131948
245 0 0 _aStorytelling and Philosophy in Plato's Republic
_c Jacob Howland
600 0 0 _aPlatón
_d(428 o 7-348 o 7 a.C.)
_9126701
773 0 _tAmerican Catholic Philosophical Quarterly
_gvol. 79, nº. 2, 2005, págs. 213-232
_wRev1385
942 _cAR
999 _c506233
_d506233